| 000 | 00615nam a2200217 u 4500 | ||
|---|---|---|---|
| 005 | 20220902233035.0 | ||
| 008 | 160615s2007 es r 000 0 spa d | ||
| 020 | _a9788433971449 | ||
| 035 | _aUPN01000211431 | ||
| 049 | _aCG | ||
| 050 | 4 |
_aPQ8098.12 O4.3 _bU5.4 |
|
| 100 | 1 |
_aBolaño, Roberto, _d1953-2003 _939229 |
|
| 245 | 1 | 3 |
_aLa universidad desconocida / _cRoberto Bolaño. |
| 260 |
_aBarcelona, Esp. : _bAnagrama, _c2007. |
||
| 300 | _a459 p. | ||
| 440 | 0 |
_aNarrativas hispánicas ; _v406 |
|
| 650 | 0 |
_aPoesía chilena _91228 |
|
| 650 | 4 |
_aENSAYOS CHILENOS _918505 |
|
| 905 | _aLibro | ||
| 999 |
_c183532 _d183532 |
||